[Event "6e Open International d'Echecs Sables d'"]
[Site "Les Sables d'Olonne ; France"]
[Date "2019.07.16"]
[Round "5.13"]
[White "Vion, Jean-Francois"]
[Black "Renault, Jerome"]
[Result "0-1"]
[WhiteElo "1960"]
[BlackElo "2097"]
[Annotator "jeanluc"]
[PlyCount "122"]
[EventDate "2019.??.??"]
[WhiteTeam "Cercle d'Echecs de Cholet"]
[BlackTeam "Cercle d'échecs des Sables d'Olonne"]

1. e4 c5 2. Nf3 d6 3. d4 cxd4 4. Nxd4 Nf6 5. Nc3 e6 6. Bc4 a6 7. Bb3 Nbd7 8. f4
Nc5 9. Qf3 Nxb3 10. axb3 Qc7 11. Be3 e5 12. Nde2 Bg4 13. Qf2 Qc6 14. Ng3 h5 15.
h3 h4 16. Nf1 Bh5 17. Nd2 Be7 18. O-O b5 19. fxe5 dxe5 20. Qf5 b4 21. Na4 Bd6
22. Nc4 O-O 23. Nxd6 Qxd6 24. Bc5 Qc7 25. Bxf8 Rxf8 26. Qg5 Bg6 27. c4 Nxe4 28.
Qxh4 Nd2 29. Rfe1 Nxb3 30. Ra2 Nd4 31. b3 Bc2 32. Nb2 a5 33. Qg3 Bxb3 34. Raa1
Ra8 35. Qxe5 Qxe5 36. Rxe5 a4 37. Nxa4 Nc2 38. Rb1 Bxa4 39. c5 Rc8 40. Rb2 f6
41. Rd5 Rb8 42. Rd6 {(=)} Rc8 43. Rd5 b3 44. Kf2 Kf7 45. g3 Ke6 46. Rd6+ Ke5
47. Ra6 Bb5 48. Rb6 Bc4 49. Rb7 Kd4 50. R2xb3 Bxb3 51. Rxb3 Rxc5 52. Kf3 Rf5+
53. Kg4 Rg5+ 54. Kf4 g6 55. g4 Rc5 56. h4 g5+ 57. hxg5 fxg5+ 58. Kf3 Ne1+ 59.
Ke2 Re5+ 60. Kf2 Nd3+ 61. Kf3 Re3+ 0-1

[Event "6e Open International d'Echecs Sables d'"]
[Site "Les Sables d'Olonne ; France"]
[Date "2019.07.16"]
[Round "5.14"]
[White "Le Pen, Steven"]
[Black "Gautier, Michel"]
[Result "1-0"]
[WhiteElo "2094"]
[BlackElo "1500"]
[PlyCount "51"]
[EventDate "2019.??.??"]
[WhiteTeam "Club d'Echecs de la Bruffière"]
[BlackTeam "Club d'Echecs Gétignois"]

1. e4 c5 2. Nf3 g6 3. d4 cxd4 4. Nxd4 Bg7 5. c4 Nc6 6. Be3 Nf6 7. Nc3 d6 8. Be2
O-O 9. O-O Bd7 10. f3 Nxd4 11. Bxd4 Bc6 12. Qd2 Nd7 13. Bf2 a5 14. Rac1 Nc5 15.
b3 e6 16. Rfd1 Qe7 17. Qxd6 Qxd6 18. Rxd6 Na6 19. Nb5 Bxb5 20. cxb5 Nb4 21. a4
Rfc8 22. Bc4 Rd8 23. Rcd1 Bf6 24. Bb6 Rxd6 25. Rxd6 Nc2 26. Rd7 1-0

[Event "6e Open International d'Echecs des Sable"]
[Site "Sables d'Olonne, France"]
[Date "2019.07.17"]
[Round "6.1"]
[White "Duboue, Peio"]
[Black "Prie, Eric"]
[Result "1/2-1/2"]
[WhiteElo "2409"]
[BlackElo "2436"]
[Annotator "jeanluc"]
[PlyCount "133"]
[EventDate "2019.??.??"]
[TimeControl "1/40:0"]
[WhiteClock "0:03:48"]
[BlackClock "0:33:10"]

1. e4 {[%emt 0:00:00]} d5 {[%emt 0:00:00]} 2. exd5 {[%emt 0:00:00]} Qxd5 {
[%emt 0:00:00]} 3. Nf3 {[%emt 0:00:00]} Bg4 {[%emt 0:00:00]} 4. Be2 {[%emt 0:
00:00]} Nc6 {[%emt 0:00:00]} 5. d4 {[%emt 0:00:00]} O-O-O {[%emt 0:00:00]} 6.
c4 {[%emt 0:00:00]} Qd7 {[%emt 0:00:00]} 7. d5 {[%emt 0:00:00]} Bxf3 {[%emt 0:
00:00]} 8. Bxf3 {[%emt 0:00:00]} Ne5 {[%emt 0:00:00]} 9. Nc3 {[%emt 0:00:00]}
Nf6 {[%emt 0:00:00]} 10. O-O {[%emt 0:00:00]} e6 {[%emt 0:00:00]} 11. Bf4 {
[%emt 0:00:00]} Bd6 {[%emt 0:00:00]} 12. Bxe5 {[%emt 0:00:00]} Bxe5 {[%emt 0:
00:00]} 13. Re1 {[%emt 0:00:00]} Bxc3 {[%emt 0:00:00]} 14. bxc3 {[%emt 0:00:00]
} exd5 {[%emt 0:00:00]} 15. cxd5 {[%emt 0:00:00]} Rhe8 {[%emt 0:00:00]} 16.
Rxe8 {[%emt 0:00:00]} Rxe8 {[%emt 0:00:00]} 17. a4 {[%emt 0:00:00]} a5 {
[%emt 0:00:00]} 18. Qd4 {[%emt 0:00:00]} Qd6 {[%emt 0:00:00]} 19. h3 {[%emt 0:
00:00]} b6 {[%emt 0:00:00]} 20. c4 {[%emt 0:00:00]} Qb4 {[%emt 0:00:00]} 21.
Kh2 {[%emt 0:00:00]} Re1 {[%emt 0:00:00]} 22. Rxe1 {[%emt 0:00:00]} Qxe1 {
[%emt 0:00:00]} 23. d6 {[%emt 0:00:00]} Qb4 {[%emt 0:00:00]} 24. dxc7 {[%emt 0:
00:00]} Kxc7 {[%emt 0:00:00]} 25. g3 {[%emt 0:00:00]} Qd6 {[%emt 0:00:00]} 26.
Qe3 {[%emt 0:00:00]} h5 {[%emt 0:00:00]} 27. Kg2 {[%emt 0:00:00]} g6 {[%emt 0:
00:00]} 28. c5 {[%emt 0:00:00]} Qxc5 {[%emt 0:00:00]} 29. Qf4+ {[%emt 0:00:00]}
Qd6 {[%emt 0:00:00]} 30. Qc4+ {[%emt 0:00:00]} Kd8 {[%emt 0:00:00]} 31. Qxf7 {
[%emt 0:00:00]} g5 {[%emt 0:00:00]} 32. Bxh5 {[%emt 0:00:00]} Nxh5 {[%emt 0:00:
00]} 33. Qxh5 {[%emt 0:00:00]} Qd5+ {[%emt 0:00:00]} 34. Kh2 {[%emt 0:00:00]}
b5 {[%emt 0:00:00]} 35. axb5 {[%emt 0:00:00]} Qxb5 {[%emt 0:00:00]} 36. h4 {
[%emt 0:00:00]} Qc5 {[%emt 0:00:00]} 37. Kh3 {[%emt 0:03:21]} Qc8+ {[%emt 0:00:
00]} 38. Kg2 {[%emt 0:01:23]} Qc6+ {[%emt 0:00:00]} 39. Kg1 {[%emt 0:01:00]}
Qc1+ {[%emt 0:00:00]} 40. Kg2 {[%emt 0:00:54]} Qc6+ {[%emt 0:00:00]} 41. Kg1 {
[%emt 0:00:38]} Qc1+ {[%emt 0:00:00]} 42. Kh2 {[%emt 0:00:25]} Qc5 {[%emt 0:00:
00]} 43. Qh8+ {[%emt 0:02:29]} Ke7 {[%emt 0:00:00]} 44. Qg7+ {[%emt 0:01:22]}
Ke6 {[%emt 0:00:00]} 45. Qg6+ {[%emt 0:08:28]} Ke7 {[%emt 0:00:00]} 46. Qg7+ {
[%emt 0:00:31]} Ke6 {[%emt 0:00:00]} 47. Qg6+ {[%emt 0:00:14]} Ke7 {[%emt 0:00:
00]} 48. Qe4+ {[%emt 0:01:42]} Kf8 {[%emt 0:00:00]} 49. Qf3+ {[%emt 0:01:32]}
Kg7 {[%emt 0:00:00]} 50. hxg5 {[%emt 0:06:52]} Qxg5 {[%emt 0:00:19]} 51. Qe4 {
[%emt 0:01:17]} Qb5 {[%emt 0:02:32]} 52. f4 {[%emt 0:00:00]} a4 {[%emt 0:00:00]
} 53. g4 {[%emt 0:00:00]} a3 {[%emt 0:00:00]} 54. Qe7+ {[%emt 0:00:00]} Kg8 {
[%emt 0:00:00]} 55. Qe6+ {[%emt 0:00:00]} Kg7 {[%emt 0:00:00]} 56. Qe7+ {
[%emt 0:00:00]} Kg8 {[%emt 0:00:00]} 57. Qxa3 {[%emt 0:01:31]} Qe2+ {[%emt 0:
00:00]} 58. Kh3 {[%emt 0:01:11]} Qf1+ {[%emt 0:00:00]} 59. Kh4 {[%emt 0:00:40]}
Qxf4 {[%emt 0:00:17]} 60. Qa8+ {[%emt 0:00:12]} Kg7 {[%emt 0:02:31]} 61. Qb7+ {
[%emt 0:00:12]} Kg6 {[%emt 0:03:03]} 62. Qc6+ {[%emt 0:00:19]} Kg7 {[%emt 0:00:
22]} 63. Qd7+ {[%emt 0:00:16]} Kg6 {[%emt 0:00:31]} 64. Qe6+ {[%emt 0:02:56]}
Kg7 {[%emt 0:00:18]} 65. Qd7+ {[%emt 0:00:59]} Kg6 {[%emt 0:00:37]} 66. Qe8+ {
[%emt 0:00:13]} Kg7 {[%emt 0:00:20]} 67. Qd7+ {[%emt 0:00:15]} 1/2-1/2

[Event "6e Open International d'Echecs des Sable"]
[Site "Sables d'Olonne, France"]
[Date "2019.07.17"]
[Round "6.3"]
[White "Eugene, Floryan"]
[Black "Mariette, Lucas"]
[Result "1-0"]
[WhiteElo "2300"]
[BlackElo "2244"]
[Annotator "jeanluc"]
[PlyCount "99"]
[EventDate "2019.??.??"]
[TimeControl "1/40:0"]
[WhiteClock "0:38:24"]
[BlackClock "0:22:04"]

1. e4 {[%emt 0:00:00]} e5 {[%emt 0:00:00]} 2. Nf3 {[%emt 0:00:00]} Nc6 {
[%emt 0:00:00]} 3. Bc4 {[%emt 0:00:00]} Bc5 {[%emt 0:00:00]} 4. O-O {[%emt 0:
00:00]} Nf6 {[%emt 0:00:00]} 5. d3 {[%emt 0:00:00]} a6 {[%emt 0:00:00]} 6. a4 {
[%emt 0:00:00]} O-O {[%emt 0:00:00]} 7. Bg5 {[%emt 0:00:00]} h6 {[%emt 0:00:00]
} 8. Bh4 {[%emt 0:00:00]} g5 {[%emt 0:00:00]} 9. Bg3 {[%emt 0:00:00]} d6 {
[%emt 0:00:00]} 10. c3 {[%emt 0:00:00]} Bg4 {[%emt 0:00:00]} 11. h3 {[%emt 0:
00:00]} Bh5 {[%emt 0:00:00]} 12. Nbd2 {[%emt 0:00:00]} Ba7 {[%emt 0:00:00]} 13.
b4 {[%emt 0:00:00]} Kg7 {[%emt 0:00:00]} 14. b5 {[%emt 0:00:00]} axb5 {[%emt 0:
00:00]} 15. axb5 {[%emt 0:00:00]} Ne7 {[%emt 0:00:00]} 16. d4 {[%emt 0:00:00]}
Ng6 {[%emt 0:00:00]} 17. Be2 {[%emt 0:00:00]} Bxf3 {[%emt 0:00:00]} 18. Bxf3 {
[%emt 0:00:00]} Qd7 {[%emt 0:00:00]} 19. Qb3 {[%emt 0:00:00]} h5 {[%emt 0:00:
00]} 20. Ra4 {[%emt 0:00:00]} g4 {[%emt 0:00:00]} 21. hxg4 {[%emt 0:00:00]}
hxg4 {[%emt 0:00:00]} 22. Be2 {[%emt 0:00:00]} Bb6 {[%emt 0:00:00]} 23. Rfa1 {
[%emt 0:00:00]} Rxa4 {[%emt 0:00:00]} 24. Rxa4 {[%emt 0:00:00]} exd4 {[%emt 0:
00:00]} 25. cxd4 {[%emt 0:00:00]} d5 {[%emt 0:00:00]} 26. Be5 {[%emt 0:00:00]}
Nxe5 {[%emt 0:00:00]} 27. dxe5 {[%emt 0:00:00]} Nxe4 {[%emt 0:00:59]} 28. Nxe4
{[%emt 0:00:00]} dxe4 {[%emt 0:01:33]} 29. Rxe4 {[%emt 0:00:00]} Bxf2+ {
[%emt 0:11:40]} 30. Kxf2 {[%emt 0:00:00]} Qf5+ {[%emt 0:00:11]} 31. Ke3 {
[%emt 0:00:07]} Rd8 {[%emt 0:02:09]} 32. Rxg4+ {[%emt 0:00:50]} Kh6 {[%emt 0:
01:25]} 33. Qc3 {[%emt 0:01:00]} Rd5 {[%emt 0:00:30]} 34. Qc1 {[%emt 0:02:51]}
Rd3+ {[%emt 0:02:08]} 35. Bxd3 {[%emt 0:00:14]} Qxg4 {[%emt 0:00:14]} 36. Qf1 {
[%emt 0:02:21]} Kg7 {[%emt 0:01:33]} 37. Qf6+ {[%emt 0:01:19]} Kg8 {[%emt 0:01:
06]} 38. Qf3 {[%emt 0:01:36]} Qg5+ {[%emt 0:00:26]} 39. Kd4 {[%emt 0:00:34]} b6
{[%emt 0:01:22]} 40. g3 {[%emt 0:02:35]} Qd2 {[%emt 0:00:42]} 41. Qf4 {[%emt 0:
03:29]} Qb2+ {[%emt 0:00:00]} 42. Ke3 {[%emt 0:00:00]} Qc3 {[%emt 0:00:00]} 43.
Ke2 {[%emt 0:00:00]} Qb2+ {[%emt 0:00:00]} 44. Kf1 {[%emt 0:00:00]} Qa1+ {
[%emt 0:00:00]} 45. Kg2 {[%emt 0:00:00]} Qa8+ {[%emt 0:00:00]} 46. Kh2 {
[%emt 0:00:00]} Qa2+ {[%emt 0:00:00]} 47. Kh3 {[%emt 0:00:00]} Qd5 {[%emt 0:00:
00]} 48. Bc4 {[%emt 0:00:00]} Qh1+ {[%emt 0:00:00]} 49. Kg4 {[%emt 0:00:00]}
Qd1+ {[%emt 0:00:00]} 50. Kh4 {[%emt 0:00:00]} 1-0

[Event "6e Open International d'Echecs des Sable"]
[Site "Sables d'Olonne, France"]
[Date "2019.07.17"]
[Round "6.4"]
[White "Vidal, Llewellyn"]
[Black "Maleki, Nicolas"]
[Result "1-0"]
[WhiteElo "2336"]
[BlackElo "2088"]
[Annotator "jeanluc"]
[PlyCount "105"]
[EventDate "2019.??.??"]
[TimeControl "1/40:0"]
[WhiteClock "0:10:23"]
[BlackClock "0:01:50"]

1. c4 {[%emt 0:00:00]} c6 {[%emt 0:00:00]} 2. d4 {[%emt 0:00:00]} d5 {[%emt 0:
00:00]} 3. cxd5 {[%emt 0:00:00]} cxd5 {[%emt 0:00:00]} 4. Bg5 {[%emt 0:00:00]}
h6 {[%emt 0:00:00]} 5. Bh4 {[%emt 0:00:00]} Qb6 {[%emt 0:00:00]} 6. Nc3 {
[%emt 0:00:00]} e6 {[%emt 0:00:00]} 7. Qd2 {[%emt 0:00:00]} Nc6 {[%emt 0:00:00]
} 8. e3 {[%emt 0:00:00]} Bd7 {[%emt 0:00:00]} 9. Nf3 {[%emt 0:00:00]} Nge7 {
[%emt 0:00:00]} 10. Bd3 {[%emt 0:00:00]} Nb4 {[%emt 0:00:00]} 11. Ne5 {[%emt 0:
00:00]} Nxd3+ {[%emt 0:00:00]} 12. Qxd3 {[%emt 0:00:00]} Nf5 {[%emt 0:00:00]}
13. Nxd7 {[%emt 0:00:00]} Kxd7 {[%emt 0:00:00]} 14. Bg3 {[%emt 0:00:00]} Nxg3 {
[%emt 0:00:00]} 15. fxg3 {[%emt 0:00:00]} Rc8 {[%emt 0:00:00]} 16. O-O {
[%emt 0:00:00]} f5 {[%emt 0:00:00]} 17. g4 {[%emt 0:00:00]} g6 {[%emt 0:00:00]}
18. Kh1 {[%emt 0:00:00]} Qa6 {[%emt 0:00:00]} 19. Nb5 {[%emt 0:00:00]} Be7 {
[%emt 0:00:00]} 20. a4 {[%emt 0:00:00]} Rc6 {[%emt 0:00:00]} 21. gxf5 {[%emt 0:
00:00]} gxf5 {[%emt 0:00:00]} 22. g4 {[%emt 0:00:00]} fxg4 {[%emt 0:00:00]} 23.
Rf7 {[%emt 0:00:00]} Rf8 {[%emt 0:00:00]} 24. Rxf8 {[%emt 0:00:00]} Bxf8 {
[%emt 0:00:00]} 25. e4 {[%emt 0:00:00]} dxe4 {[%emt 0:04:50]} 26. Qxe4 {
[%emt 0:00:00]} Rc4 {[%emt 0:00:56]} 27. Qh7+ {[%emt 0:00:00]} Be7 {[%emt 0:00:
44]} 28. d5 {[%emt 0:00:00]} exd5 {[%emt 0:00:26]} 29. Re1 {[%emt 0:00:00]} Re4
{[%emt 0:01:06]} 30. Rc1 {[%emt 0:00:00]} Qf6 {[%emt 0:03:30]} 31. Kg1 {
[%emt 0:00:00]} Re2 {[%emt 0:07:14]} 32. Rc7+ {[%emt 0:09:22]} Ke6 {[%emt 0:01:
13]} 33. Qg8+ {[%emt 0:05:56]} Ke5 {[%emt 0:00:50]} 34. Rxe7+ {[%emt 0:00:21]}
Qxe7 {[%emt 0:00:14]} 35. Qh8+ {[%emt 0:04:12]} Qf6 {[%emt 0:01:29]} 36. Qe8+ {
[%emt 0:00:16]} Qe6 {[%emt 0:00:14]} 37. Qxe6+ {[%emt 0:00:16]} Kxe6 {[%emt 0:
00:21]} 38. Nd4+ {[%emt 0:00:19]} Ke5 {[%emt 0:00:46]} 39. Nxe2 {[%emt 0:00:11]
} Ke4 {[%emt 0:01:13]} 40. Nc3+ {[%emt 0:00:50]} Kd4 {[%emt 0:00:58]} 41. Kf2 {
[%emt 0:00:00]} Kc4 {[%emt 0:00:00]} 42. Kg3 {[%emt 0:00:00]} d4 {[%emt 0:00:
00]} 43. Ne4 {[%emt 0:00:00]} Kb4 {[%emt 0:00:00]} 44. Nd2 {[%emt 0:00:08]}
Kxa4 {[%emt 0:00:00]} 45. Kxg4 {[%emt 0:00:12]} Kb4 {[%emt 0:00:00]} 46. Kh5 {
[%emt 0:00:39]} a5 {[%emt 0:00:00]} 47. Kxh6 {[%emt 0:00:12]} a4 {[%emt 0:00:
00]} 48. Kg5 {[%emt 0:00:14]} a3 {[%emt 0:00:17]} 49. bxa3+ {[%emt 0:00:12]}
Kxa3 {[%emt 0:01:51]} 50. h4 {[%emt 0:00:12]} Kb2 {[%emt 0:03:16]} 51. h5 {
[%emt 0:00:13]} Kc2 {[%emt 0:00:15]} 52. Ne4 {[%emt 0:00:49]} Kd3 {[%emt 0:01:
07]} 53. Kf4 {[%emt 0:00:23]} 1-0

[Event "6e Open International d'Echecs des Sable"]
[Site "Sables d'Olonne, France"]
[Date "2019.07.17"]
[Round "6.5"]
[White "Lucas, Arthur"]
[Black "Bujisho, Benjamin"]
[Result "1/2-1/2"]
[WhiteElo "2286"]
[BlackElo "2326"]
[Annotator "jeanluc"]
[PlyCount "55"]
[EventDate "2019.??.??"]
[TimeControl "1/40:0"]
[WhiteClock "0:00:56"]
[BlackClock "0:23:22"]

1. e4 {[%emt 0:00:00]} d6 {[%emt 0:00:00]} 2. d4 {[%emt 0:00:00]} Nf6 {[%emt 0:
00:00]} 3. Nc3 {[%emt 0:00:00]} g6 {[%emt 0:00:00]} 4. f4 {[%emt 0:00:00]} Bg7
{[%emt 0:00:00]} 5. Nf3 {[%emt 0:00:00]} O-O {[%emt 0:00:00]} 6. e5 {[%emt 0:
00:00]} dxe5 {[%emt 0:00:00]} 7. fxe5 {[%emt 0:00:00]} Nd5 {[%emt 0:00:00]} 8.
Ne4 {[%emt 0:00:00]} Bf5 {[%emt 0:00:00]} 9. Ng3 {[%emt 0:00:00]} Bg4 {[%emt 0:
00:00]} 10. Be2 {[%emt 0:00:00]} c5 {[%emt 0:00:00]} 11. O-O {[%emt 0:00:00]}
cxd4 {[%emt 0:00:00]} 12. Qxd4 {[%emt 0:00:00]} Qb6 {[%emt 0:00:00]} 13. Qxb6 {
[%emt 0:00:00]} Nxb6 {[%emt 0:00:00]} 14. Bf4 {[%emt 0:00:00]} Nc6 {[%emt 0:00:
00]} 15. h3 {[%emt 0:00:00]} Bxf3 {[%emt 0:00:00]} 16. Bxf3 {[%emt 0:00:00]}
Rad8 {[%emt 0:00:00]} 17. Bxc6 {[%emt 0:01:28]} bxc6 {[%emt 0:00:00]} 18. Rae1
{[%emt 0:01:29]} h6 {[%emt 0:00:00]} 19. b3 {[%emt 0:05:02]} Nd5 {[%emt 0:00:
00]} 20. Bd2 {[%emt 0:00:58]} Nc7 {[%emt 0:00:00]} 21. Bb4 {[%emt 0:03:45]} Rd7
{[%emt 0:00:00]} 22. Rf3 {[%emt 0:00:49]} Ne6 {[%emt 0:00:00]} 23. Rc3 {
[%emt 0:00:59]} Rc8 {[%emt 0:00:00]} 24. Rc4 {[%emt 0:00:43]} c5 {[%emt 0:00:
00]} 25. Bc3 {[%emt 0:00:43]} Rd5 {[%emt 0:00:00]} 26. Nf1 {[%emt 0:00:43]} h5
{[%emt 0:00:00]} 27. Ne3 {[%emt 0:00:25]} Rd7 {[%emt 0:00:00]} 28. Re4 {
[%emt 0:00:48]} 1/2-1/2

[Event "6e Open International d'Echecs des Sable"]
[Site "Sables d'Olonne, France"]
[Date "2019.07.17"]
[Round "6.6"]
[White "Renault, Jerome"]
[Black "Rollot, Florence"]
[Result "1-0"]
[WhiteElo "2097"]
[BlackElo "1899"]
[Annotator "jeanluc"]
[PlyCount "77"]
[EventDate "2019.??.??"]
[TimeControl "1/40:0"]
[WhiteClock "0:06:57"]
[BlackClock "0:01:52"]

1. d4 {[%emt 0:00:00]} Nf6 {[%emt 0:00:00]} 2. Nf3 {[%emt 0:00:00]} c5 {
[%emt 0:00:00]} 3. d5 {[%emt 0:00:00]} d6 {[%emt 0:00:00]} 4. c4 {[%emt 0:00:
00]} g6 {[%emt 0:00:00]} 5. Nc3 {[%emt 0:00:00]} Bg7 {[%emt 0:00:00]} 6. e4 {
[%emt 0:00:00]} Bg4 {[%emt 0:00:00]} 7. Be2 {[%emt 0:00:00]} O-O {[%emt 0:00:
00]} 8. Qb3 {[%emt 0:00:00]} b6 {[%emt 0:00:00]} 9. h3 {[%emt 0:00:00]} Bxf3 {
[%emt 0:00:00]} 10. Bxf3 {[%emt 0:00:00]} Nbd7 {[%emt 0:00:00]} 11. O-O {
[%emt 0:00:00]} Ne8 {[%emt 0:00:00]} 12. Be2 {[%emt 0:00:00]} Nc7 {[%emt 0:00:
00]} 13. Bf4 {[%emt 0:00:00]} f5 {[%emt 0:00:00]} 14. exf5 {[%emt 0:00:00]}
Rxf5 {[%emt 0:00:00]} 15. Bh2 {[%emt 0:00:00]} Rf7 {[%emt 0:00:00]} 16. Rae1 {
[%emt 0:00:00]} Nf6 {[%emt 0:00:00]} 17. Bd1 {[%emt 0:00:00]} Qf8 {[%emt 0:00:
00]} 18. a4 {[%emt 0:00:00]} Kh8 {[%emt 0:00:00]} 19. Qc2 {[%emt 0:00:00]} Rb8
{[%emt 0:00:00]} 20. Ne2 {[%emt 0:00:00]} Nfe8 {[%emt 0:00:00]} 21. Nc3 {
[%emt 0:00:00]} Nf6 {[%emt 0:00:00]} 22. b3 {[%emt 0:00:00]} a6 {[%emt 0:00:00]
} 23. Qd3 {[%emt 0:00:00]} Nd7 {[%emt 0:00:00]} 24. f4 {[%emt 0:00:00]} Bd4+ {
[%emt 0:00:00]} 25. Kh1 {[%emt 0:00:00]} Qg7 {[%emt 0:00:00]} 26. Ne4 {[%emt 0:
00:00]} h6 {[%emt 0:00:00]} 27. Bc2 {[%emt 0:00:00]} Rg8 {[%emt 0:00:27]} 28.
g4 {[%emt 0:00:00]} Nf6 {[%emt 0:02:23]} 29. Ng3 {[%emt 0:00:00]} h5 {[%emt 0:
04:46]} 30. g5 {[%emt 0:00:00]} Nd7 {[%emt 0:00:26]} 31. Re6 {[%emt 0:01:45]}
Nf8 {[%emt 0:00:57]} 32. Re4 {[%emt 0:00:32]} Nd7 {[%emt 0:03:38]} 33. h4 {
[%emt 0:00:29]} a5 {[%emt 0:01:31]} 34. Qe2 {[%emt 0:02:16]} Qf8 {[%emt 0:02:
16]} 35. f5 {[%emt 0:03:31]} Ne5 {[%emt 0:02:36]} 36. fxg6 {[%emt 0:06:36]}
Rxf1+ {[%emt 0:02:32]} 37. Nxf1 {[%emt 0:00:50]} Nxg6 {[%emt 0:01:45]} 38.
Qxh5+ {[%emt 0:00:49]} Kg7 {[%emt 0:00:11]} 39. Rf4 {[%emt 0:02:15]} 1-0

[Event "6e Open International d'Echecs des Sable"]
[Site "Sables d'Olonne, France"]
[Date "2019.07.17"]
[Round "6.7"]
[White "Dalaud, Dorian"]
[Black "Delabbey, Florian"]
[Result "1-0"]
[WhiteElo "2220"]
[BlackElo "1904"]
[Annotator "jeanluc"]
[PlyCount "49"]
[EventDate "2019.??.??"]
[TimeControl "1/40:0"]
[WhiteClock "0:30:32"]
[BlackClock "0:27:46"]

1. e4 {[%emt 0:00:00]} c5 {[%emt 0:00:00]} 2. Nc3 {[%emt 0:00:00]} Nc6 {
[%emt 0:00:00]} 3. Bb5 {[%emt 0:00:00]} Nd4 {[%emt 0:00:00]} 4. Nf3 {[%emt 0:
00:00]} g6 {[%emt 0:00:00]} 5. Nxd4 {[%emt 0:00:00]} cxd4 {[%emt 0:00:00]} 6.
Ne2 {[%emt 0:00:00]} Bg7 {[%emt 0:00:00]} 7. O-O {[%emt 0:00:00]} e6 {[%emt 0:
00:00]} 8. d3 {[%emt 0:00:00]} Ne7 {[%emt 0:00:00]} 9. Bg5 {[%emt 0:00:00]} O-O
{[%emt 0:00:00]} 10. Qd2 {[%emt 0:00:00]} d6 {[%emt 0:00:00]} 11. f4 {[%emt 0:
00:00]} Qc7 {[%emt 0:00:00]} 12. Kh1 {[%emt 0:00:00]} d5 {[%emt 0:00:00]} 13.
Rae1 {[%emt 0:00:00]} Nc6 {[%emt 0:00:00]} 14. f5 {[%emt 0:00:00]} dxe4 {
[%emt 0:00:00]} 15. fxg6 {[%emt 0:00:00]} hxg6 {[%emt 0:00:00]} 16. dxe4 {
[%emt 0:00:00]} e5 {[%emt 0:00:00]} 17. Bf6 {[%emt 0:00:00]} Be6 {[%emt 0:00:
00]} 18. Qg5 {[%emt 0:00:00]} Bxf6 {[%emt 0:00:00]} 19. Rxf6 {[%emt 0:00:00]}
Kg7 {[%emt 0:00:00]} 20. Ref1 {[%emt 0:00:00]} a6 {[%emt 0:00:00]} 21. Bxc6 {
[%emt 0:00:00]} bxc6 {[%emt 0:00:00]} 22. Ng3 {[%emt 0:00:00]} Rh8 {[%emt 0:00:
00]} 23. Rxe6 {[%emt 0:00:00]} fxe6 {[%emt 0:00:00]} 24. Rf6 {[%emt 0:00:00]}
Rh6 {[%emt 0:00:00]} 25. Rxe6 {[%emt 0:00:00]} 1-0

[Event "6e Open International d'Echecs Sables d'"]
[Site "Les Sables d'Olonne ; France"]
[Date "2019.07.17"]
[Round "6.8"]
[White "Troubat, Alexandre"]
[Black "Besson, Bastien"]
[Result "0-1"]
[WhiteElo "1932"]
[BlackElo "2204"]
[PlyCount "45"]
[EventDate "2019.??.??"]
[WhiteTeam "Echiquier Gouesnousien"]
[BlackTeam "Cercle d'Echecs de Nantes"]

1. e4 c5 2. Nf3 d6 3. d4 cxd4 4. Nxd4 Nf6 5. Nc3 Nc6 6. f3 e6 7. Be3 a6 8. g4
h6 9. Qd2 Bd7 10. O-O-O b5 11. g5 hxg5 12. Bxg5 Qa5 13. Nb3 Qc7 14. Qe3 Rc8 15.
Bd3 b4 16. Ne2 Ne5 17. Kb1 Rh3 18. Ng3 a5 19. f4 Nxd3 20. cxd3 Qc2+ 21. Ka1
Rxh2 22. Rb1 Ng4 23. Rxh2 0-1

[Event "6e Open International d'Echecs Sables d'"]
[Site "Les Sables d'Olonne ; France"]
[Date "2019.07.17"]
[Round "6.9"]
[White "Drogou, Gerard"]
[Black "Durand-Le Ludec, Brendan-Budok"]
[Result "0-1"]
[WhiteElo "1927"]
[BlackElo "2199"]
[PlyCount "106"]
[EventDate "2019.??.??"]
[WhiteTeam "C.S.M. Puteaux Echecs"]
[BlackTeam "Betton Echecs Club"]

1. d4 Nf6 2. Nf3 g6 3. c4 Bg7 4. Nc3 O-O 5. Bf4 d6 6. e3 Nfd7 7. Be2 e5 8. dxe5
dxe5 9. Bg3 Nc6 10. O-O Nc5 11. Qxd8 Rxd8 12. Rfd1 Bf5 13. Nd5 Rd7 14. Bh4 Kh8
15. b4 e4 16. Nd4 Nxd4 17. exd4 Nd3 18. g4 Be6 19. Bxd3 exd3 20. Rxd3 Bxd5 21.
cxd5 Rxd5 22. Re1 g5 23. Bg3 Rd7 24. d5 Bf8 25. Rc1 Bd6 26. Bxd6 cxd6 27. Ra3
Kg7 28. b5 b6 29. Re3 Kf6 30. Rc6 h5 31. Rf3+ Kg7 32. gxh5 Rh8 33. Rh3 Kf6 34.
Kg2 g4 35. Rh4 Kg5 36. Kg3 f5 37. f4+ gxf3 38. Rh3 Kf6 39. Kxf3 Ke5 40. h6 Rdh7
41. Kg2 Rxh6 42. Rxh6 Rxh6 43. Rc7 Kxd5 44. Rxa7 Kc4 45. Rf7 d5 46. Rxf5 d4 47.
Kg3 d3 48. h4 d2 49. Rf1 Rd6 50. Rd1 Kd3 51. Rxd2+ Kxd2 52. h5 Rd4 53. h6 Rd6
0-1

[Event "6e Open International d'Echecs Sables d'"]
[Site "Les Sables d'Olonne ; France"]
[Date "2019.07.17"]
[Round "6.10"]
[White "Louassier, Cedric"]
[Black "Pottier, Simeon"]
[Result "0-1"]
[WhiteElo "1840"]
[BlackElo "2192"]
[PlyCount "64"]
[EventDate "2019.??.??"]
[WhiteTeam "Echiquier Surgerien"]
[BlackTeam "LEC Echiquier Limousin"]

1. e4 c5 2. Nf3 Nc6 3. d4 cxd4 4. Nxd4 g6 5. Nxc6 bxc6 6. Qd4 Nf6 7. e5 Nd5 8.
e6 f6 9. exd7+ Bxd7 10. Bc4 e5 11. Qd1 Be6 12. Bb3 Bg7 13. O-O O-O 14. Nd2 f5
15. f3 a5 16. a3 Qb6+ 17. Kh1 Qc5 18. Nc4 a4 19. Ba2 Rfe8 20. Qe2 Nf4 21. Qf2
Qxf2 22. Rxf2 Rad8 23. Be3 Rb8 24. Bxf4 exf4 25. c3 Bd5 26. Kg1 Bf8 27. Kf1 Bc5
28. Re2 Rxe2 29. Kxe2 Kg7 30. Rb1 Bxa3 31. bxa3 Bxc4+ 32. Kd2 Rd8+ 0-1

[Event "6e Open International d'Echecs Sables d'"]
[Site "Les Sables d'Olonne ; France"]
[Date "2019.07.17"]
[Round "6.11"]
[White "Beltran Ortiz, Edda Georgina"]
[Black "Frick, Christoph"]
[Result "0-1"]
[WhiteElo "1787"]
[BlackElo "2134"]
[PlyCount "62"]
[EventDate "2019.??.??"]
[BlackTeam "Mulhouse Philidor"]

1. e4 c6 2. d4 d5 3. f3 dxe4 4. fxe4 e5 5. Nf3 Bg4 6. Bc4 Nd7 7. O-O Ngf6 8. c3
Bd6 9. Qb3 O-O 10. Nbd2 Qc7 11. h3 Bh5 12. g4 Bg6 13. Nh4 exd4 14. Nxg6 Bc5 15.
cxd4 Bxd4+ 16. Kg2 hxg6 17. Nf3 Bb6 18. Ng5 Ne5 19. Bf4 Rae8 20. Nxf7 Rxf7 21.
g5 Nxe4 22. Bxe5 Qxe5 23. Bxf7+ Kh7 24. h4 Rd8 25. Bxg6+ Kxg6 26. Qf7+ Kh7 27.
g6+ Kh6 28. Qf4+ Qxf4 29. Rxf4 Rd2+ 30. Kf3 Nf6 31. Re1 Rf2+ 0-1

[Event "6e Open International d'Echecs Sables d'"]
[Site "Les Sables d'Olonne ; France"]
[Date "2019.07.17"]
[Round "6.12"]
[White "Sempe, Pierre"]
[Black "Le Pen, Steven"]
[Result "0-1"]
[WhiteElo "1765"]
[BlackElo "2094"]
[PlyCount "52"]
[EventDate "2019.??.??"]
[WhiteTeam "L'Echiquier du Roy René"]
[BlackTeam "Club d'Echecs de la Bruffière"]

1. e4 c5 2. Nf3 d6 3. Bb5+ Nd7 4. O-O Ngf6 5. Re1 a6 6. Bf1 b6 7. d4 cxd4 8.
Qxd4 Bb7 9. e5 dxe5 10. Nxe5 Nxe5 11. Qxe5 e6 12. Bg5 Bd6 13. Qf5 O-O 14. Qd3
Bxh2+ 15. Kh1 Qxd3 16. Bxd3 Bd6 17. Nd2 Ng4 18. Ne4 Bxe4 19. Bxe4 Nxf2+ 20. Kg1
Nxe4 21. Rxe4 h6 22. Bd2 Rac8 23. c4 e5 24. g4 Bc5+ 25. Kf1 Bd4 26. Bf4 f5 0-1